Primal leadership : (Record no. 345500)
[ view plain ]
| 000 -LEADER | |
|---|---|
| fixed length control field | 01383 a2200217 4500 |
| 020 ## - INTERNATIONAL STANDARD BOOK NUMBER | |
| International Standard Book Number | 1591391849 |
| 020 ## - INTERNATIONAL STANDARD BOOK NUMBER | |
| International Standard Book Number | 9781591391845 |
| 082 04 - DEWEY DECIMAL CLASSIFICATION NUMBER | |
| Classification number | 658.4092019 |
| 090 ## - LOCALLY ASSIGNED LC-TYPE CALL NUMBER (OCLC); LOCAL CALL NUMBER (RLIN) | |
| -- | 3010 |
| -- | 3010 |
| 100 1# - MAIN ENTRY--PERSONAL NAME | |
| Personal name | Goleman, Daniel. |
| 245 10 - TITLE STATEMENT | |
| Title | Primal leadership : |
| Remainder of title | learning to lead with emotional intelligence / |
| Statement of responsibility, etc. | Daniel Goleman. |
| 260 ## - PUBLICATION, DISTRIBUTION, ETC. | |
| Place of publication, distribution, etc. | [S.l.] : |
| Name of publisher, distributor, etc. | Harvard Business Press, |
| Date of publication, distribution, etc. | 2004. |
| 300 ## - PHYSICAL DESCRIPTION | |
| Extent | 336 p. ; |
| Dimensions | 21 cm. |
| 500 ## - GENERAL NOTE | |
| General note | Paperback. |
| 520 ## - SUMMARY, ETC. | |
| Summary, etc. | National Bestseller Available in Paperback Drawing from decades of research within world-class organizations, the authors show that great leaders-whether CEOs or managers, coaches or politicians-excel not just through skill and smarts, but by connecting with others using Emotional Intelligence competencies like empathy and self-awareness. The best leaders, they show, have "resonance"-a powerful ability to drive emotions in a positive direction to get results-and can fluidly interchange among a variety of leadership styles as the situation demands. Groundbreaking and timely, this book reveals the new requirements of successful leadership. |
| 700 1# - ADDED ENTRY--PERSONAL NAME | |
| Personal name | Boyatzis, Richard E. |
| 700 1# - ADDED ENTRY--PERSONAL NAME | |
| Personal name | McKee, Annie. |
| 856 40 - ELECTRONIC LOCATION AND ACCESS | |
| Materials specified | Amazon.com |
| Uniform Resource Identifier | <a href="http://www.amazon.com/exec/obidos/ASIN/1591391849/chopaconline-20">http://www.amazon.com/exec/obidos/ASIN/1591391849/chopaconline-20</a> |
| 856 40 - ELECTRONIC LOCATION AND ACCESS | |
| Materials specified | Amazon customer reviews |
| Uniform Resource Identifier | <a href="http://www.chopac.org/cgi-bin/tools/azrev.pl?q=1591391849">http://www.chopac.org/cgi-bin/tools/azrev.pl?q=1591391849</a> |
| 942 ## - ADDED ENTRY ELEMENTS (KOHA) | |
| Institution code [OBSOLETE] | NBS |
| Koha item type | Book |
| Call number prefix | 658.4092019 GOL |
| Withdrawn status | Lost status | Damaged status | Not for loan | Permanent Location | Current Location | Date acquired | Total Checkouts | Full call number | Barcode | Date last seen | Price effective from | Koha item type | Source of classification or shelving scheme | Date last checked out |
|---|---|---|---|---|---|---|---|---|---|---|---|---|---|---|
| Central Library (CL) | Central Library (CL) | 08/28/2013 | 658.4092019 GOL | NBS6932 | 12/17/2020 | 08/28/2013 | Book | |||||||
| Central Library (CL) | Central Library (CL) | 08/28/2013 | 658.4092019 GOL | NBS6933 | 08/28/2013 | 08/28/2013 | Book | |||||||
| Central Library (CL) | Central Library (CL) | 08/28/2013 | 2 | 658.4092019 GOL | NBS6934 | 12/16/2022 | 08/28/2013 | Book | 04/11/2022 |
